000 nam a22 a 4500
999 _c250
_d250
003 AKMAL
005 20170427172058.0
008 17 s2007 my | g l 000 0 may d
020 _a9677010344 (kkt.) :
_cRM40.00
082 0 4 _a353.809595 PEN
_222
090 0 0 _a353.809595
_bPEN
110 1 _aMalaysia
_9400
245 1 0 _aPenilaian tahap kecekapan (PTK) :
_brujukan peperiksaan untuk guru-guru lepasan diploma dan ijazah (semua pindaan hingga Mei, 2007) /
_cdisusun semula oleh Penasihat Undang-undang MDC
260 _aKuala Lumpur :
_bMDC Publishers,
_c2007
300 _aiii, 739ms. ;
_c25cm.
650 1 0 _aCivil service
_zMalaysia
_xExaminations
_9459
650 2 0 _aPublic administration
_zMalaysia
_9419
650 2 0 _aNational teacher examinations
_zMalaysia
_9555
710 2 _aPenasihat Undang-Undang MDC
_9405
942 _2ddc
_cBOOK